Textbook of veterinary diagnostic radiology / (Record no. 29849)
[ view plain ]
| 000 -LEADER | |
|---|---|
| fixed length control field | 03604pam a22003495i 4500 |
| 001 - CONTROL NUMBER | |
| control field | 20710531 |
| 003 - CONTROL NUMBER IDENTIFIER | |
| control field | EG-ScBUE |
| 005 - DATE AND TIME OF LATEST TRANSACTION | |
| control field | 20220306101319.0 |
| 008 - FIXED-LENGTH DATA ELEMENTS--GENERAL INFORMATION | |
| fixed length control field | 181018t2018 moua f b 001 0 eng d |
| 020 ## - INTERNATIONAL STANDARD BOOK NUMBER | |
| International Standard Book Number | 9780323482479 (hbk.) |
| 020 ## - INTERNATIONAL STANDARD BOOK NUMBER | |
| International Standard Book Number | 0323482473 (hbk.) |
| 040 ## - CATALOGING SOURCE | |
| Original cataloging agency | DLC |
| Language of cataloging | eng |
| Description conventions | rda |
| Transcribing agency | DLC |
| Modifying agency | DLC |
| -- | EG-ScBUE |
| 082 04 - DEWEY DECIMAL CLASSIFICATION NUMBER | |
| Classification number | 636.089607572 |
| Edition number | 22 |
| Item number | TEX |
| 245 00 - TITLE STATEMENT | |
| Title | Textbook of veterinary diagnostic radiology / |
| Statement of responsibility, etc | [edited by] Donald E. Thrall, DVM, PhD (Professor of Radiology, College of Veterinary Medicine, North Carolina State University, Raleigh, North Carolina, Radiology and Quality Control IDEXX Telemedicine Consultants, Clackamas, Oregon). |
| 250 ## - EDITION STATEMENT | |
| Edition statement | Seventh edition. |
| 264 #1 - PUBLICATION, DISTRIBUTION, ETC. (IMPRINT) | |
| Place of publication, distribution, etc | St. Louis, Missouri : |
| Name of publisher, distributor, etc | Elsevier, |
| Date of publication, distribution, etc | [2018] |
| 264 #4 - PUBLICATION, DISTRIBUTION, ETC. (IMPRINT) | |
| Date of publication, distribution, etc | c2018 |
| 300 ## - PHYSICAL DESCRIPTION | |
| Extent | xii, 986 pages : |
| Other physical details | illustrations ; |
| Dimensions | 29 cm |
| 336 ## - CONTENT TYPE | |
| Content type term | text |
| Source | rdacontent |
| Content type code | txt |
| 337 ## - MEDIA TYPE | |
| Media type term | unmediated |
| Source | rdamedia |
| Media type code | n |
| 338 ## - CARRIER TYPE | |
| Carrier type term | volume |
| Source | rdacarrier |
| Carrier type code | nc |
| 504 ## - BIBLIOGRAPHY, ETC. NOTE | |
| Bibliography, etc | Includes bibliographical references and index. |
| 505 0# - FORMATTED CONTENTS NOTE | |
| Formatted contents note | Section I: Physics and principles of interpretation. Radiation protection and physics of diagnostic radiology -- Digital radiographic imaging -- Canine and feline dental radiographic technique -- Physics of ultrasound imaging -- Principles of computed tomography and magnetic resonance imaging -- Radiographic, computed tomography, and magnetic resonance contrast media -- Introduction to radiographic interpretation, -- Section II: The axial skeleton: canine, feline, and equine. Radiographic anatomy of the axial skeleton -- Basic principles of radiographic interpretation of the axial skeleton -- Canine and feline dental disease -- The cranial nasal cavities: canine and feline -- Magnetic resonance imaging features of brain disease in small animals -- The equine head -- Canine and feline vertebrae -- Magnetic resonance imaging and computed tomography features of canine and feline spinal cord disease -- Section III: The appendicular skeleton: canine, feline, and equine. Radiographic anatomy of the appendicular skeleton -- Principles of radiographic interpretation of the appendicular skeleton -- Orthopedic diseases of young and growing dogs and cats -- Fracture healing and complications in dogs -- Radiographic features of bone tumors and bone infections in dogs and cats -- Radiographic signs of joint disease in dogs and cats -- Equine stifle and tarsus -- Equine carpus -- Equine metacarpus and metatarsus -- Equine metacarpophalangeal and metatarsophalangeal joint -- Equine phalanges -- Equine navicular bone 505 0 $a Section IV: The thoracic cavity: canine, feline, and equine. Principles of radiographic interpretation of the thorax -- Canine and feline larynx and trachea -- Canine and feline esophagus -- Canine and feline thoracic wall -- Canine and feline diaphragm -- Canine and feline mediastinum -- Canine and feline pleural space -- Canine and feline cardiovascular system -- Canine and feline lung -- Equine lower respiratory system -- Section V: Abdominal cavity: canine and feline. Principles of radiographic interpretation of the abdomen -- Peritoneal space -- Liver and spleen -- Kidneys and ureters -- Urinary bladder -- Urethra -- Prostate gland -- Uterus, ovaries, and testes -- Stomach -- Small bowel -- Large bowel. |
| 650 #7 - SUBJECT ADDED ENTRY--TOPICAL TERM | |
| Topical term or geographic name as entry element | Veterinary radiography. |
| Source of heading or term | BUEsh |
| 653 ## - INDEX TERM--UNCONTROLLED | |
| Resource For college | Pharmacy |
| Arrived date list | March2022 |
| 655 ## - INDEX TERM--GENRE/FORM | |
| Form subdivision | Reading book |
| 9 (RLIN) | 34232 |
| 700 1# - ADDED ENTRY--PERSONAL NAME | |
| Personal name | Thrall, Donald E., |
| Relator term | editor. |
| 906 ## - LOCAL DATA ELEMENT F, LDF (RLIN) | |
| a | 7 |
| b | cbc |
| c | origcop |
| d | 2 |
| e | ncip |
| f | 20 |
| g | y-gencatlg |
| 942 ## - ADDED ENTRY ELEMENTS (KOHA) | |
| Source of classification or shelving scheme | Dewey Decimal Classification |
| Koha item type | Book - Borrowing |
| Withdrawn status | Lost status | Source of classification or shelving scheme | Damaged status | Not for loan | Collection code | Home library | Current library | Shelving location | Date acquired | Source of acquisition | Cost, normal purchase price | Serial Enumeration / chronology | Total Checkouts | Full call number | Barcode | Date last seen | Cost, replacement price | Price effective from | Koha item type |
|---|---|---|---|---|---|---|---|---|---|---|---|---|---|---|---|---|---|---|---|
| Dewey Decimal Classification | Alahram | Central Library | Central Library | First floor | 06/03/2022 | Purchase | 2682.00 | 284 | 636.089607572 TEX | 000056208 | 15/07/2025 | 3352.50 | 06/03/2022 | Book - Borrowing |